000 00858cam a2200193 4500
001 ABS67367
008 031211n2003 000 0 eng u
035 _a(Sirsi) u124611
100 _aBirkby, G.
245 _aTake a note
260 _c2003
490 _aProject
_v16(6) November 2003, 27(1)
520 _aRecommends the keeping of notes, documents, drafts and minutes of meetings accurate and up-to-date. Such documents may record changes to a project, what was discussed and agreed. In "Amoco (UK) Exploration Co v Telephone Cables Ltd" ([2002] EWHC 2534 (Comm), [2003] CILL 1937), such changes were documented in the minutes of a meeting and supported evidence in the case.
590 _aABS
650 _aAMOCO (UK) EXPLORATION CO V TELEPHONE CABLES LTD
650 _aPROJECT DOCUMENTATION
690 _aProject management
_96261
942 _n0
999 _c73955
_d73955